| 000 | 00682nam a2200229 i 4500 | ||
|---|---|---|---|
| 001 | bgj | ||
| 100 | 1 |
_aTURGENEV, Ivan _d(1818-1883). |
|
| 245 | 1 | 0 |
_aFathers and sons / _cIvan Turgenev ; a new translation by George Reavy ; with a foreword by Alan Hodge. |
| 260 |
_aNew York [etc.] : _bNew American Library, _c[196-?]. |
||
| 300 |
_a208 pp ; _c19 cm. |
||
| 490 | 1 | _aA signet classic | |
| 650 | 9 | _aNon-English literature | |
| 650 | 9 | _aRussian literature | |
| 700 | 1 |
_aREAVY, Ivan. _etranslator |
|
| 700 | 1 | _aHODGE, Alan | |
| 830 | _aA signet classic | ||
| 020 | _ahbk | ||
| 040 | _cBPK | ||
| 041 | 1 |
_aeng _hruru |
|
| 942 | _cKS | ||
| 008 | s uk f |000 0 eng | ||
| 999 |
_c48026 _d48026 |
||
| 856 |
_uhttp://koha.tu.koszalin.pl/cgi-bin/koha/opac-detail.pl?biblionumber=48026 _yKatalog online BPK |
||